Первоначальныя основания аптекарскаго искуства или Руководство для начинающих учиться фармации. (Запись № 5165578)

Подробности
000 -МАРКЕР
контрольное поле 02352nam1a22003731i 4500
001 - ИДЕНТИФИКАТОР ЗАПИСИ
контрольное поле v19\rc\2110580
005 - ИДЕНТИФИКАТОР ВЕРСИИ
контрольное поле 20260407080801.0
035 ## - ДРУГИЕ СИСТЕМНЫЕ НОМЕРА
Идентификатор записи (NLR Aleph) 005185917
100 ## - ДАННЫЕ ОБЩЕЙ ОБРАБОТКИ
Данные общей обработки 20090914d1803 m||y0rusy50 ca
101 1# - ЯЗЫК РЕСУРСА
Язык текста, звукозаписи и т.д. русский
Язык оригинала немецкий
102 ## - СТРАНА ПУБЛИКАЦИИ ИЛИ ПРОИЗВОДСТВА
Страна публикации Российская Федерация
140 ## - ПОЛЕ КОДИРОВАННЫХ ДАННЫХ: СТАРОПЕЧАТНЫЕ ИЗДАНИЯ - ОБЩАЯ ИНФОРМАЦИЯ
Кодированные данные о старопечатном издании - Основные y y ka yaa0000
200 1# - ЗАГЛАВИЕ И СВЕДЕНИЯ ОБ ОТВЕТСТВЕННОСТИ
Основное заглавие Первоначальныя основания аптекарскаго искуства или Руководство для начинающих учиться фармации.
Первые сведения об ответственности Сочинение Сигизмунда Фридриха Гермбстедта.
Последующие сведения об ответственности Перевел с немецкаго аптекарь Иван Янжул-Михайловский
210 ## - ПУБЛИКАЦИЯ, РАСПРОСТРАНЕНИЕ И ДР.
Место издания, распространения и т.д. В Санктпетербурге
Имя издателя, распространителя и т. д. в типографии Государственной Медицинской коллегии
Дата издания, распространения и т.д. 1803
215 ## - ФИЗИЧЕСКАЯ ХАРАКТЕРИСТИКА
Размеры
300 ## - ОБЩИЕ ПРИМЕЧАНИЯ
Текст примечания Загл. ориг. : Ketechismus der Apothekerkunst, oder die ersten Grundsдtze der Pharmacie fьr Anfдnger
300 ## - ОБЩИЕ ПРИМЕЧАНИЯ
Текст примечания На с.[3-6] 1-го ряда ч.1 посвящ. пер. В.П.Кочубею
300 ## - ОБЩИЕ ПРИМЕЧАНИЯ
Текст примечания В конце предисл на с.IV ч.1: Санкт-Петербург. Адмиралтейская гошпиталь. 1803 года, июня 18 дня
517 0# - ДРУГИЕ ВАРИАНТЫ ЗАГЛАВИЯ
Вариант заглавия Руководство для начинающих учиться фармации
518 1# - ЗАГЛАВИЕ В СТАНДАРТНОМ СОВРЕМЕННОМ ПРАВОПИСАНИИ
Основное заглавие, вариант заглавия или унифицированное заглавие Первоначальные основания аптекарского искусства или Руководство для начинающих учиться фармации
620 ## - МЕСТО И ДАТА ПУБЛИКАЦИИ, ИСПОЛНЕНИЯ И Т. Д.
Страна Санкт-Петербург
700 #1 - ИМЯ ЛИЦА - ПЕРВИЧНАЯ ОТВЕТСТВЕННОСТЬ
Связь между полями z01790
Начальный элемент ввода Хермбштет
Часть имени, кроме начального элемента ввода С.Ф.
Даты 1760-1833
Расширение инициалов личного имени Сигизмунд Фридрих
702 #1 - ИМЯ ЛИЦА - ВТОРИЧНАЯ ОТВЕТСТВЕННОСТЬ
Связь между полями z02790
Начальный элемент ввода Янжул-Михайловский
Часть имени, кроме начального элемента ввода И.
Расширение инициалов личного имени Иван
Код отношения Переводчик
702 #1 - ИМЯ ЛИЦА - ВТОРИЧНАЯ ОТВЕТСТВЕННОСТЬ
Код отношения Объект посвящения
Графика поля Кириллица
Материалы, к которым относится поле rus
Начальный элемент ввода Кочубей
Часть имени, кроме начального элемента ввода В. П.
Даты 1768-1834
Расширение инициалов личного имени Виктор Павлович
Системный номер авторитетной/нормативной записи 165590
Идентификатор авторитетной/нормативной записи RU\NLR\AUTH\770165637
712 01 - НАИМЕНОВАНИЕ ОРГАНИЗАЦИИ - ВТОРИЧНАЯ ОТВЕТСТВЕННОСТЬ
Код отношения Печатник (типограф)
Начальный элемент ввода Россия
Структурное подразделение Медицинская коллегия
-- Типография
Идентификатор авторитетной/нормативной записи RU\NLR\AUTH\886323
Системный номер авторитетной/нормативной записи 284448
790 #1 - ИМЯ ЛИЦА - АЛЬТЕРНАТИВНАЯ ФОРМА
Связь между полями z01700
Начальный элемент ввода Гермбстедт
Часть имени, кроме начального элемента ввода С.Ф.
Даты 1760-1833
Расширение инициалов личного имени Сигизмунд Фридрих
790 #1 - ИМЯ ЛИЦА - АЛЬТЕРНАТИВНАЯ ФОРМА
Связь между полями z02702
Начальный элемент ввода Михайловский
Часть имени, кроме начального элемента ввода И.
Расширение инициалов личного имени Иван
801 #0 - ИСТОЧНИК ЗАПИСИ
Страна Российская Федерация
Организация NLR
Правила каталогизации psbo
801 #1 - ИСТОЧНИК ЗАПИСИ
Страна Российская Федерация
Организация ProSoft-M
Источник данных rusmarc
852 ## - МЕСТОНАХОЖДЕНИЕ И ШИФР ХРАНЕНИЯ
Идентификатор организации NLR
Шифр хранения (Call Number) 18.3.7.45
852 ## - МЕСТОНАХОЖДЕНИЕ И ШИФР ХРАНЕНИЯ
Идентификатор организации NLR
Шифр хранения (Call Number) 138/363
942 ## - ДОПОЛНИТЕЛЬНЫЕ ЭЛЕМЕНТЫ ЗАПИСИ (АБИС)
Тип экземпляра АБИС Книга

Нет доступных экземпляров.